The Confucius Institutes : bringing China to the world /
"By 2010, some 280 Confucius Institutes were up and running across the world, with almost 60 operating in the United States alone"--Container.
| Corporate Authors: | , , |
|---|---|
| Other Authors: | |
| Format: | Video DVD |
| Language: | English Chinese |
| Language Notes: | In English with some interview fragments in Chinese, subtitled in English. |
| Subjects: |
MARC
| Tag | First Indicator | Second Indicator | Subfields |
|---|---|---|---|
| LEADER | 00000cgm a2200000Ia 4500 | ||
| 001 | in00003521913 | ||
| 005 | 20151206124655.0 | ||
| 007 | vd bvaizu | ||
| 008 | 141211s2010 mtu041 vleng d | ||
| 024 | 1 | |a 884501404983 | |
| 035 | |a (OCoLC)ocn898042514 | ||
| 035 | |a (OCoLC)898042514 | ||
| 040 | |a TXA |b eng |c TXA |d UtOrBLW | ||
| 041 | 1 | |a eng |a chi |j eng |h eng | |
| 043 | |a n-us--- |a a-cc--- | ||
| 049 | |a TXAM | ||
| 050 | 4 | |a PL1069.K66 |b C66 2010 | |
| 245 | 0 | 4 | |a The Confucius Institutes : |b bringing China to the world / |c a produced, photographed, written and directed by Ian Marquand. |
| 264 | 0 | |a [Missoula, Mont.] : |b Irish Luck Productions, |c [2010] | |
| 300 | |a 1 videodisc (41 min.) : |b sound, color ; |c 4 3/4 in. | ||
| 336 | |a two-dimensional moving image |b tdi |2 rdacontent | ||
| 337 | |a video |b v |2 rdamedia | ||
| 338 | |a videodisc |b vd |2 rdacarrier | ||
| 538 | |a DVD; NTSC; aspect ratio: 4:3 letterbox. | ||
| 546 | |a In English with some interview fragments in Chinese, subtitled in English. | ||
| 511 | 0 | |a Ian Marquand, narrator and interviewer. | |
| 508 | |a Editing, Brent H. O'Connor. | ||
| 520 | |a "By 2010, some 280 Confucius Institutes were up and running across the world, with almost 60 operating in the United States alone"--Container. | ||
| 500 | |a "This program was made possible by a generous grant from the Chinese Language Council International (Hanban) and with support from the Maureen and Mike Mansfield Center at the University of Montana"--Container. | ||
| 500 | |a Special features include short documentaries on teaching Chinese culture in Chicago, UCLA, Kansas and Montana. | ||
| 500 | |a Videorecording. | ||
| 610 | 2 | 0 | |a Kongzi xue yuan. |
| 650 | 0 | |a Chinese language |x Study and teaching |z United States. | |
| 651 | 0 | |a China |x Civilization |x Study and teaching |z United States. | |
| 651 | 0 | |a China |x Civilization |x Study and teaching |z United States |x Societies, etc. | |
| 655 | 7 | |a Documentary films. |2 lcgft | |
| 655 | 7 | |a Nonfiction films. |2 lcgft | |
| 655 | 7 | |a Biographical films. |2 lcgft | |
| 700 | 1 | |a Marquand, Ian, |e director, |e producer, |e screenwriter, |e narrator. | |
| 710 | 2 | |a Guo jia Han yu guo ji tui guang ling dao xiao zu ban gong shi (China) | |
| 710 | 2 | |a Maureen and Mike Mansfield Center. | |
| 710 | 2 | |a Irish Luck Productions. | |
| 948 | |a cataloged |b h |c 2014/12/11 |d o |e tchubaryan |f 2:23:49 pm | ||
| 994 | |a C0 |b TXA | ||
| 999 | |a MARS | ||
| 999 | f | f | |s 8d6e4b05-25e9-3df7-8dd4-7d8beeff497f |i dfe524dc-3a3b-3f31-8767-8eecec35dc09 |t 0 |
| 952 | f | f | |p ric |a Texas A&M University |b Rellis Campus |c Joint Library Facility |d Remote Storage |t 0 |e PL1069.K66 C66 2010 |h Library of Congress classification |i video -- videodisc |m A14842485014 |
| 998 | f | f | |a PL1069.K66 C66 2010 |t 0 |l Remote Storage |